Catálogo

Vista normal Vista MARC

Entrada Personal Name

Número de registros utilizados en: 5

001 - CONTROL NUMBER

  • control field: 6186

003 - CONTROL NUMBER IDENTIFIER

  • control field: DLC

005 - DATE AND TIME OF LATEST TRANSACTION

  • control field: 20220616112801.0

008 - FIXED-LENGTH DATA ELEMENTS

  • fixed length control field: 790727n| azannaabn |a aaa

010 ## - LIBRARY OF CONGRESS CONTROL NUMBER

  • LC control number: 79060619

035 ## - SYSTEM CONTROL NUMBER

  • System control number: (OCoLC)oca00293647

040 ## - CATALOGING SOURCE

  • Original cataloging agency: DLC
  • Language of cataloging: spa
  • Description conventions: rda
  • Transcribing agency: Mx-PuUPA
  • Modifying agency: MH
  • Modifying agency: DLC
  • Modifying agency: MX-SlUA
  • Modifying agency: IEN
  • Modifying agency: Mx-PuUPA

046 ## - SPECIAL CODED DATES

  • Birth date: 1933

100 1# - HEADING--PERSONAL NAME

  • Personal name: De Bono, Edward,
  • Dates associated with a name: 1933-

372 ## - FIELD OF ACTIVITY

  • Field of activity: pensamiento creativo
  • Source of term: lcsh

373 ## - ASSOCIATED GROUP

  • Associated group: Sociedad de Estudios Avanzados en Educación de la Universidad de Oxford
  • Associated group: Universidad de Cambridge
  • Associated group: Universidad de londres
  • Associated group: Universidad Harvard
  • Source of term: naf

373 ## - ASSOCIATED GROUP

  • Associated group: Foro Creativo Internacional

374 ## - OCCUPATION

  • Occupation: Profesor universitario
  • Source of term: lcsh

374 ## - OCCUPATION

  • Occupation: Autor
  • Source of term: lcsh

375 ## - GENDER

  • Gender: hombre

377 ## - ASSOCIATED LANGUAGE

  • Language code: spa
  • Source of code: MARC code list for languages

400 1# - SEE FROM TRACING--PERSONAL NAME

  • Personal name: Bono, Edward de,
  • Dates associated with a name: 1933-

670 ## - SOURCE DATA FOUND

  • Source citation: His The use of lateral thinking, 1967

670 ## - SOURCE DATA FOUND

  • Source citation: His Six thinking hats, 1986, c1985:
  • Information found: t.p. (Edward de Bono)

670 ## - SOURCE DATA FOUND

  • Source citation: El pensamiento creativo el poder del pensamiento lateral para la creación de nuevas ideas, 1994:
  • Information found: title page (Edward De Bono) page 10 (El doctor Bono obtuvo una beca Rhodes para cursar estudios en la Universidad de Oxford y ha integrado el cuerpo docente de las universidades de Oxford, Cambridge, Londres y Harvard. Ha escrito más de 40 libros y fundó el International Creative Forum)

670 ## - SOURCE DATA FOUND

  • Source citation: Biblioteca del congreso (Estados Unidos), 09 noviembre 2017:
  • Information found: catálogo electrónico
  • Uniform Resource Identifier: https://goo.gl/z6ywsT